Entry Personal Name
Number of records used in: 1
001 - CONTROL NUMBER
003 - CONTROL NUMBER IDENTIFIER
005 - DATE AND TIME OF LATEST TRANSACTION
- control field:
20200103101005.0
008 - FIXED-LENGTH DATA ELEMENTS
- fixed length control field:
070515n| acannaabn |n aaa
010 ## - LIBRARY OF CONGRESS CONTROL NUMBER
- LC control number:
nb2007011643
035 ## - SYSTEM CONTROL NUMBER
- System control number:
(Uk)006801450
040 ## - CATALOGING SOURCE
- Original cataloging agency:
Uk
- Language of cataloging:
eng
- Transcribing agency:
Uk
- Modifying agency:
DLC
100 1# - HEADING--PERSONAL NAME
- Personal name:
Staines, Harry
670 ## - SOURCE DATA FOUND
- Source citation:
Evaluation of the 12-month fixed penalty notice pilot in the Tayside police force area, 2007:
- Information found:
PDF t.p. (Prof. Harry Staines, DBS, University of Abertay Dundee)
670 ## - SOURCE DATA FOUND
- Source citation:
Approaching multivariate analysis, 2009:
- Information found:
eCIP t.p. (b. 21/07/1953)